000 00597nam a2200241 a 4500
001 nice12345678
003 IN_TiNIC
005 20260116011605.0
008 050524s1959 lona grp 000 0 eng
020 _a
_c6
082 0 0 _a297.4
_bSIN2
100 _aSingh, Jogendra
245 _aPersian Mystics
_b Invocations of Sheikh Abdullah Ansari
260 _aLondon
_bJohn Murray
_c1959
300 _a59p
500 _aincludes index and biblioraphy
505 2 _aIndex
650 _aJava-Colonial Period
700 1 _aSingh, Jogendra
902 _bSRS
942 _cBK
999 _c2786
_d2786